| 000 | 00648cam a2200205 a 4500 | ||
|---|---|---|---|
| 001 | 15703273 | ||
| 005 | 20250903084008.0 | ||
| 008 | 090417s2010 maua b 000 0 eng | ||
| 020 | _a9780205723676 | ||
| 020 | _a0205723675 | ||
| 050 | 0 | 0 |
_aHQ23 _b.C87 2010 |
| 245 | 0 | 0 |
_aCurrent directions in human sexuality and intimate relationship / _cedited by Terri D. Fisher, James McNulty. |
| 260 |
_aBoston, MA : _bAllyn & Bacon, _cc2010. |
||
| 300 |
_avii, 213 p. : _bill. ; _c23 cm. |
||
| 650 | 0 |
_aSexology _xResearch. |
|
| 650 | 0 |
_aInterpersonal relations _xResearch. |
|
| 700 | 1 | _aFisher, Terri D. | |
| 700 | 1 | _aMcNulty, James. | |
| 942 |
_2lcc _cBK _n0 |
||
| 999 |
_c7438 _d7438 |
||